000 00585nam a2200241Ia 4500
003 OSt
005 20220912145520.0
006 a|||||r|||| 00| 0
007 ta
008 220909b |||||||| |||| 00| 0 eng d
024 _a69295
037 _cTextual
040 _aCSL
_beng
_cCSL
041 _aeng
082 _aLv1,D, H9
100 _aLee Gordon Benjamin
245 0 _aMedicine throughout antiquity
260 _c1949
300 _ap.
_ccm.
650 _aMedicine history
942 _hLv1,D, H9
_cTEXL
_2CC
999 _c33550
_d33550